000 00272nam a22001337a 4500
008 170407b xxu||||| |||| 00| 0 eng d
020 _a697494
041 _aeng
080 _a616
100 _a9
101 _aSHM
245 _aPATHOLOGY
_cPEERY, TH.M
942 _2udc
_cBK
999 _c10196
_d10196